|
|
|
|
| LEADER |
01061nam a2200265 a 4500 |
| 001 |
0000204 |
| 003 |
BD-DhAAL |
| 008 |
091124s1975 njua b 001 0 eng d |
| 010 |
|
|
|a 80016631
|
| 020 |
|
|
|a 0132269449
|
| 040 |
|
|
|a DLC
|c DLC
|d DLC
|d BD-DhAAL
|
| 082 |
0 |
0 |
|a 330
|2 23
|
| 100 |
1 |
|
|a Heilbroner, Robert L.
|9 37619
|
| 245 |
1 |
4 |
|a The economic problem /
|c Robert L. Heilbroner, Lester C. Thurow.
|
| 250 |
|
|
|a Fourth edition.
|
| 260 |
|
|
|a Englewood Cliffs, N.J. :
|b Prentice-Hall,
|c c1975.
|
| 300 |
|
|
|a 383 p. :
|b ill. ;
|c 24 cm
|
| 504 |
|
|
|a Includes bibliographical references and index.
|
| 541 |
1 |
|
|e 0000204
|
| 650 |
|
0 |
|a Economics.
|
| 700 |
1 |
|
|a Thurow, Lester C.,
|e joint author.
|
| 852 |
4 |
|
|a Ayesha Abed Library
|c General Stacks
|
| 942 |
|
|
|2 ddc
|c BK
|
| 999 |
|
|
|c 5953
|d 5953
|
| 952 |
|
|
|0 0
|1 0
|2 ddc
|4 0
|6 330_000000000000000_HEI
|7 0
|9 5938
|a BRACUL
|b BRACUL
|c GEN
|d 2009-12-06
|g 0.00
|l 2
|m 12
|o 330 HEI
|p 3010000204
|r 2019-01-20
|s 2018-11-15
|t 1
|w 2009-12-06
|y BK
|z Not price in Register
|x No price found in the accession register ; Previously missing book recovered on 10 August 2025
|